| 000 | 00382nam a2200145Ia 4500 | ||
|---|---|---|---|
| 008 | 170106s2011||||xx |||||||||||||| ||und|| | ||
| 020 | _a9788175415980 | ||
| 082 |
_a891.1 _bSHA |
||
| 100 | _aSharma, Pradeep K | ||
| 245 | 0 | _aDalit politics and literature | |
| 260 |
_aDelhi _bShipra Publications _c2011 |
||
| 300 | _ax, 178 p. ; 22 cm | ||
| 650 | _aEnglish Literature | ||
| 942 | _cBK | ||
| 999 |
_c16227 _d16227 |
||